LEADER 01477nam a2200349 a 4500 001 000000151443 003 CaOOAMICUS 005 20160429093715.0 008 160429s2016 vc u000 u ita r 020 $a978-88-465-1062-4* 032 $aLibriCat 040 $aPUL$bita 082 04$a230 100 1 $aTremblay, Réal.$0(OLS)http://pul/name/23596 245 10$aChiamati alla comunione del Figlio : $baspetti teologici e etici della vita filiale /$cRéal Tremblay. 260 $aCittà del Vaticano :$bLateran University Press,$c©2016. 300 $a246 p. ;$c21 cm. 490 1 $aVivae voces ;$v36 504 $aInclude indice e bibliografia. 650 4$aFiliazione (teologia).$0(OLS)http://pul/subject/43348 650 4$aCristologia.$0(OLS)http://pul/subject/1402 830 0$aVivae voces ;$v36.$0(OLS)http://pul/title/165512 850 $aPUL 852 $aPUL$W1$xSL Religione 3$y85$m230 COLL 7.36$j173997$qDDC 21$B176428$CPULBib$Z2$F176428 $H127640 $81 941 1 $a9 960 $aIesus Christus$91402 960 $aIesus Christus$91402 996 $6020$a978-88-465-1062-4*$9(OLS)http://pul/number/160311 996 $6082$a230$9(OLS)http://pul/classification/368 996 $6245$aChiamati alla comunione del Figlio : $baspetti teologici e etici della vita filiale$9(OLS)http://pul/title/190697 996 $6260$aCittà del Vaticano :$bLateran University Press$9(OLS)http://pul/publisher/74585 LEADER 02227nam a2200385 u 4500 001 000000086462 003 CaOOAMICUS 005 20070226124312.0 008 050929s2005 it h u000 u ita u 020 $a88-213-0577-5 (v.1) 020 $a88-213-0590-2 (v.2) 035 $a11060875 040 $aPUL$bita 041 1 $aita$afre$aspa 245 10$aEmmanuel Mounier :$bpersona e umanesimo relazionale nel centenario della nascita (1905-2005) : atti del convegno di Roma - UPS, 12-14 gennaio 2005 /$ca cura di Mario Toso, Zbigniew Formella, Attilio Danese. 260 $aRoma :$bLAS,$cc2005. 300 $a2 v. :$bfacsim. ;$c23 cm 490 1 $aBiblioteca di scienze religiose ;$v188, 190 505 2 $aTit. del v. 2 : Emmanuel Mounier : persona e umanesimo relazionale, Mounier e oltre nel centenario della nascita (1905-2005). 546 $aTesti in italiano, francese e spagnolo. 600 14$aMounier, Emmanuel,$d1905-1950$xAnniversari, ecc.$0(OLS)http://pul/subject/28856 700 1 $aToso, Mario,$cvesc. di Faenza-Modigliana,$d1950-$0(OLS)http://pul/name/39310 700 1 $aDanese, Attilio.$0(OLS)http://pul/name/21223 700 1 $aFormella, Zbigniew,$cS.D.B.,$d1963-$0(OLS)http://pul/name/56565 830 0$aBiblioteca di scienze religiose (Libreria Ateneo salesiano) ;$v188, 190.$0(OLS)http://pul/title/491 850 $aPUL 852 $aPUL$W1$xSL Religione 2$y84$mTheol A3 188,190$j109795$nBK-PRI$b $qStampati altre collocazioni$B109795$CPULBib$Z2$F109795 $HPUL99720,99722 $81 852 $aPUL$W1$xSL Religione 2$y84$mTheol A3 188,190$j109795$nBK-PRI$b $qStampati altre collocazioni$B109796$CPULBib$Z2$F109796 $HPUL99720,99722 $81 941 1 $a10 983 0$aNuova biblioteca di scienze religiose. 983 0$aBiblioteca di scienze religiose (LAS) 996 $6020$a88-213-0577-5 (v.1)$9(OLS)http://pul/number/114100 996 $6020$a88-213-0590-2 (v.2)$9(OLS)http://pul/number/114101 996 $6245$aEmmanuel Mounier :$bpersona e umanesimo relazionale nel centenario della nascita (1905-2005) : atti del convegno di Roma - UPS, 12-14 gennaio 2005$9(OLS)http://pul/title/112037 996 $6260$aRoma :$bLAS$9(OLS)http://pul/publisher/48069